000 00290nam a22001217a 4500
020 _a 978-0935584899
041 _aENG
100 _aHorwitz ,W.H
245 _aOfficial Methods Of Analysis Of Aoac International
260 _aDelhi
_bAoac
_c2011
650 _aAPE
856 _uAPE (03 )
999 _c1744
_d1744